000 00467nam a22001817a 4500
008 170612b xxu||||| |||| 00| | tur d
020 _a9759129493
041 _atur
050 _aPL248.D868
100 _91065
_aNurettin Durman
245 _aBasit Bir Şeymiş Gibi Sanki Yaşamak
250 _a1. baskı
260 _aİstanbul
_bLamure
_cNisan 2006
300 _a142 sayfa
500 _a2 adet mevcuttur.
650 0 _9145
_aTürk Edebiyatı
942 _2lcc
_cBK
999 _c2012
_d1973